Normal view
MARC view
- Nicholas, John M
Entry Personal Name
001 - CONTROL NUMBER
- control field: 5458
003 - CONTROL NUMBER IDENTIFIER
- control field: OSt
005 - DATE AND TIME OF LATEST TRANSACTION
- control field: 20230510114712.0
008 - FIXED-LENGTH DATA ELEMENTS
- fixed length control field: 230510|| aca||aabn | a|a d
040 ## - CATALOGING SOURCE
- Original cataloging agency: OSt
- Transcribing agency: OSt
100 ## - HEADING--PERSONAL NAME
- Personal name: Nicholas, John M
670 ## - SOURCE DATA FOUND
- Source citation: Work cat.: (OSt)17692: Nicholas, John M, Project management for engineering, business and technology, 2022
